000 00846 a2200241 4500
005 20260407135512.0
020 _a9781779346995
050 0 0 _aKD392
_bHAM 2025
100 1 _aHamadziripi,Fredrich
_eauthor.
245 1 0 _aA practical guide to effective Legal Research,Analysis and Writing /
_cFredrich Hamadziripi,Noah Maringe,Patience Marange and Ashton Mufari
264 1 _aHarare :
_bUniversity of Zimbabwe,
_c2025
300 _a229 Pages
_billustrations ;
336 _atext
_btxt
_2rdacontent
337 _aunmediated
_bn
_2rdamedia
338 _avolume
_bnc
_2rdacarrier
504 _aIncludes bibliographical references and index.
650 0 _aLegal research
650 0 _aLegal research.
700 1 _aMaringire,Noah
_dauthor
700 1 _aMarange,Patience
_eauthor
700 1 _aMufari,Ashton
_eauthor
942 _2lcc
_cBK
_h392
_iHAM
_kKD
999 _c11754
_d11754